Famous From the 18th Century Quiz Stats

 Plays Quiz Updated Mar 3, 2020

     
Support Sporcle.
Go Orange.
Score 0/72 Timer 10:00
12 Plays Today
Person Missing % Correct
Wolfgang ___ MozartAmadeus
92.3%
___ AdamsJohn
91.2%
Marie ___Antoinette
90.7%
___ HamiltonAlexander
85.7%
George ___Washington
85.3%
___ XIV, XV, XVILouis
84.7%
Peter the ___Great
84.6%
Thomas ___Jefferson
83.2%
Benjamin ___Franklin
83.1%
___ SmithAdam
81.2%
_________Blackbeard
80.2%
___ the GreatCatherine
79.2%
___ WhitneyEli
78.4%
Johann ___ BachSebastian
76.1%
___ BooneDaniel
76.1%
___ ArnoldBenedict
75.7%
King ___I, II, IIIGeorge
73.6%
___, Queen of Great BritainAnne
70.9%
___ WollstonecraftMary
70.8%
___ WashingtonMartha
70.6%
___ WordsworthWilliam
70.1%
Captain James ___Cook
68.6%
John ___Hancock
68.4%
___ SwiftJonathan
65.3%
Daniel ___Defoe
64.2%
Paul ___Revere
63.8%
James ___Madison
61.8%
John ___ JonesPaul
61.2%
Antonio ___Vivaldi
59.3%
Thomas ___Paine
58.6%
Anders ___Celsius
58%
___ the GreatFrederick
53.9%
___ HenryPatrick
53.8%
___ KantImmanuel
53.5%
___ HumeDavid
52.6%
George ___Vancouver
51%
Person Missing % Correct
Robert ___Burns
48.1%
Pope ___ VIPius
46.6%
Sir ___ WalpoleRobert
46.3%
Noah ___Webster
45.5%
Jean-Jacques ___Rousseau
45.2%
Antonio ___Stradivari
44%
James ___Watt
43.7%
Marquis de ___Lafayette
43.4%
Samuel ___ ColeridgeTaylor
40.8%
Alexander ___Pope
40.1%
__________Voltaire
40.2%
John ___Jay
39.3%
William ___, the ElderPitt
38%
William ___Blake
37.6%
___ GibbonEdward
37%
___ JohnsonSamuel
36.4%
Johann Wolfgang von ___Goethe
34.9%
Daniel Gabriel ___Fahrenheit
34.3%
George ___ HandelFrideric
33.9%
Edward ___Jenner
33.3%
Franz Joseph ___Haydn
32.9%
___ BenthamJeremy
31.8%
___ Friedrich GaussCarl
29.4%
Francisco de ___Goya
28.2%
John & Charles ___Wesley
25.5%
Henry ___Fielding
24.1%
Denis ___Diderot
20.8%
Thomas Robert ___Malthus
19.7%
Thomas ___Gainsborough
19.5%
Antoine ___Lavoisier
17.8%
The Earl ___Cornwallis
17.4%
___ Amaru IITúpac
16.9%
___ WheatleyPhillis
16.2%
Chief ___Tecumseh
14.7%
___ BurneyFrances
14.2%
Louis-Joseph de ___Montcalm
10.7%

From the Vault

March 27th Mini Trivia

by sproutcm

History 2m
Today is a day that deserves a quiz. Unless it's tomorrow.
Remove Ads.
Support Sporcle.
Get the best of Sporcle when you Go Orange. This ad-free experience offers more features, more stats, and more fun while also helping to support Sporcle. Thank you for becoming a member.

Show Comments

Extras

Top Quizzes Today


Score Distribution

Your Account Isn't Verified!

In order to create a playlist on Sporcle, you need to verify the email address you used during registration. Go to your Sporcle Settings to finish the process.

Report this User

Report this user for behavior that violates our Community Guidelines.

Details: